Movies Quiz

Random Movies or Clickable Quiz
Score 0/40 Timer 08:00
1 Play Today
% Correct
Ocean's Eleven
92.3%
Shrek
92.3%
Harry Potter and the Sorcerer's Stone
92%
The Lord of the Rings: The Fellowship of the Ring
91.1%
The Fast and the Furious
90.8%
Bridget Jones's Diary
88.3%
Monsters, Inc.
87.7%
Lara Croft: Tomb Raider
87%
Legally Blonde
86.1%
The Princess Diaries
85.9%
The Mummy Returns
85.6%
A Beautiful Mind
83.4%
Zoolander
83.1%
Vanilla Sky
82.7%
A Knight's Tale
82.3%
Hannibal
81.5%
The Wedding Planner
80.7%
Pearl Harbor
79.6%
Moulin Rouge!
78.9%
Ali
74.4%
% Correct
Training Day
73.8%
I Am Sam
72.8%
Donnie Darko
67.7%
Joe Dirt
67.1%
Jay and Silent Bob Strike Back
67.1%
The Mexican
66.9%
The Royal Tenenbaums
66.7%
A.I. Artificial Intelligence
66.7%
Planet of the Apes
64.6%
Black Hawk Down
63.2%
The Animal
63%
Spy Kids
62.5%
Spirited Away
62.4%
Blow
62%
Serendipity
60.3%
Mulholland Dr.
50.7%
Enemy at the Gates
48.9%
Wet Hot American Summer
47.6%
Behind Enemy Lines
45.2%
Super Troopers
43.9%
Remove Ads.
Support Sporcle.
Get the best of Sporcle when you Go Orange. This ad-free experience offers more features, more stats, and more fun while also helping to support Sporcle. Thank you for becoming a member.

You're not logged in!

Compare scores with friends on all Sporcle quizzes.
OR
Log In

Show Comments

Extras

Top Quizzes Today


Score Distribution

Your Account Isn't Verified!

In order to create a playlist on Sporcle, you need to verify the email address you used during registration. Go to your Sporcle Settings to finish the process.

Report this User

Report this user for behavior that violates our Community Guidelines.

Details: